000 00983nam a2200241 4500
005 20210510180506.0
008 210510s1975 us |||fr|||| 001 0 eng d
020 _a0300008503
040 _aCENDOC CAAAP
_bspa
_cCAAAP
041 _aeng
050 _aGN 473
_b.R23
100 1 _92752
_aRappaport, Roy A.
245 1 _aPigs for the ancestors :
_britual in the ecology of a New Guinea people /
_cRoy A. Rappaport
250 _a1ra ed.
260 _aNew Haven :
_bYale University,
_c1975
300 _a311 p.:
_bilustraciones, fotografĂ­as ;
_c22 cm.
505 _aContiene : Note on maring orthography -- Ritual, ecology. and systems -- The tsembaga -- Relations with the immediate evironment -- Relations with other local populations --The ritual cycle -- Ritual and the regulation of ecological systems ---Appendices
650 1 0 _9258
_aEcologĂ­a
650 2 0 _9408
_aAgricultura
650 2 0 _9919
_aMedio Ambiente
651 1 0 _92753
_aNueva Guinea
942 _2lcc
_b10 - 05 - 21
_cBK
999 _c1243
_d1243